000 00462nam a2200181Ia 4500
003 0STCL
008 150530s9999 xx 000 0 und d
040 _aSTCL
_cSTCL
100 _aMike Collins
245 _aPro Tools for Music Production - Recording, Editing and Mixing
250 _a2
260 _bElsevier Scientific; Amsterdam
_c2004
_aAmsterdam
300 _a377
546 _aEnglish
942 _2ddc
_cBK
999 _c43952
_d43952
005 20220125170623.0